Budowa atmosfery - Statystyki

Ogólne statystyki
  • Ten quiz został rozwiązany 250 razy
  • Średni wynik to 6 z 8
Statystyki odpowiedzi
Wysokość Warstwa % Poprawnych
13-50km stratosfera
92%
0-12km troposfera
88%
51-85km mezosfera
82%
800-2000km egzosfera
75%
86-800km termosfera
69%
50km stratopauza
62%
12-13km tropopauza
60%
85km mezopauza
58%
Nie znaleziono quizów pasujących do podanych kryteriów
Rozkład punktacji
Procent ludzi z każdym wynikiem
Percentyl według liczby udzielonych odpowiedzi
Twoja historia wyników
Nie rozwiązałeś tego quizu